000 00672nam a2200241 4500
003 OSt
005 20260530115305.0
008 260508b1974 |||a|||| |||| 00| 0 spa d
040 _aICI
_bspa
_cICI
050 _aNA9031
_bC75
100 1 _aINFONAVIT
_931855
245 1 0 _aCriterios de Diseño Urbano:
_bDocumentos Técnicos 2
264 1 _bINFONAVIT
_c1974
_aMéxico
300 _a32 páginas
336 _atexto
_2rdacontent
337 _asin medio
_2rdamedia
338 _avolumen
_2rdacarrier
650 _aDiseño urbano
_920844
650 _aPlanificación urbana
_zMéxico
650 _aEspacio urbano
650 _aDesarrollo urbano
_931858
942 _2lcc
_cBK
_n1
999 _c13056
_d13056